XXL Freshman Class 2016-2025 - Statistics

General Stats
  • This quiz has been taken 17 times
  • The average score is 37 of 111
Answer Stats
From Year Artist % Correct
Florida 2017 XXXTentacion
92%
Florida 2016 Denzel Curry
85%
Florida 2016 Kodak Black
85%
Philadelphia 2016 Lil Uzi Vert
85%
Atlanta 2016 21 Savage
77%
Atlanta 2017 Kap G
77%
Pennsylvania 2016 Lil Dicky
69%
Atlanta 2016 Lil Yachty
69%
Los Ángeles 2019 Blueface
62%
Brooklyn, NYC 2016 Desiigner
62%
Miami 2018 Lil Pump
62%
Houston 2019 Megan Thee Stallion
62%
Atlanta 2017 Playboi Carti
62%
Compton, LA 2019 Roddy RIcch
62%
California 2016 Anderson Paak
54%
Charlotte 2019 DaBaby
54%
Chicago 2016 G Herbo
54%
Louisville 2020 Jack Harlow
54%
Atlanta 2018 J.I.D.
54%
Chicago 2020 Polo G
54%
Florida 2018 Ski Mask The Slump God
54%
Ohio 2018 Trippie Redd
54%
Bronx, NYC 2017 A Boogie Wit Da Hoodie
46%
Dallas 2024 BigXthaPlug
46%
London, UK 2023 Central Cee
46%
Boston 2021 Coi Leray
46%
Atlanta 2019 Gunna
46%
Dallas 2025 Ian
46%
Atlanta 2020 Lil Keed
46%
Philadelphia 2017 PnB Rock
46%
Maryland 2019 Rico Nasty
46%
Detroit 2024 Skilla Baby
46%
Bay City 2024 That Mexican OT
46%
Florida 2025 1900Rugrat
38%
Portland 2017 Amine
38%
Chicago 2025 BabyChiefDoit
38%
Detroit 2022 Babyface Ray
38%
Las Vegas 2020 Baby Keem
38%
Illinois 2019 Comethazine
38%
North Carolina 2019 Cordae
38%
Harlem, NYC 2016 Dave East
38%
Milwaukee 2023 DC The Don
38%
Seattle 2019 Lil Mosey
38%
Florida 2023 Luh Tyler
38%
North Carolina 2021 Morray
38%
Memphis 2020 NLE Choppa
38%
North Carolina 2023 TiaCorine
38%
Houston 2017 Ugly God
38%
San Fransisco 2020 24kGoldn
31%
Detroit 2021 42 Dugg
31%
Memphis 2018 BlocBoy JB
31%
Florida 2022 Doechii
31%
Brooklyn, NYC 2020 Fivio Foreign
31%
Bay Area, SF 2017 Kamaiyah
31%
California 2017 Kyle
31%
Atlanta 2020 Latto
31%
Bronx, NYC 2020 Lil Tjay
31%
Memphis 2021 Pooh Shiesty
31%
Florida 2023 Real Boston Richey
31%
Florida 2020 Rod Wave
31%
London, UK 2018 Stefflon Don
31%
Philadelphia 2019 Tierra Whack
31%
Jacksonville 2019 YK Osiris
31%
Philadelphia 2023 2Rare
23%
Michigan 2022 BabyTron
23%
Florida 2024 Bossman Dlow
23%
Chicago 2020 Calboy
23%
Alabama 2020 Chika
23%
California 2025 EBK Jaaybo
23%
California 2025 GELO
23%
Puerto Rico 2021 Iann Dior
23%
Pennsylvania 2018 Lil Skies
23%
Atlanta 2017 Madeintyo
23%
Jacksonville 2022 Nardo Wick
23%
California 2025 Ray Vaughn
23%
Boston 2024 Rich Amiri
23%
New Orleans 2023 Rob49
23%
Kentucky 2021 Rubi Rose
23%
Michigan 2023 SleazyWorld Go
23%
Miami 2018 Smokepurpp
23%
Florida 2018 Wifisfuneral
23%
Alabama 2018 YBN Nahmir
23%
Memphis 2022 Big Scarr
15%
Queens, NYC 2024 Cash Cobain
15%
Michigan 2021 DDG
15%
Memphis 2023 Finesse2Tymes
15%
Alabama 2021 Flo MIlli
15%
North Carolina 2024 Hunxho
15%
Philadelphia 2024 Lay Bankz
15%
Georgia 2025 Lazer Dim 700
15%
New York 2024 Maiya The Don
15%
Maryland 2025 Nino Paid
15%
Tennessee 2025 Samara Cyn
15%
Florida 2022 Saucy Santana
15%
Dallas 2024 4Batz
8%
Memphis 2022 Big30
8%
Florida 2022 Cochise
8%
Pennsylvania 2025 Eem Triplin
8%
Philadelphia 2023 Fridayy
8%
Georgia 2022 Kali
8%
Houston 2022 KenTheMan
8%
Florida 2025 Loe Shimmy
8%
Brooklyn, NYC 2023 Lola Brooke
8%
Bronx, NYC 2024 Scarlip
8%
Michigan 2022 SoFaygo
8%
North Carolina 2021 Toosii
8%
Arkansas 2025 YTB Fatt
8%
South Central, LA 2021 Blxst
0%
Memphis 2023 Gorilla
0%
Minnesota 2022 KayCyy
0%
Milwaukee 2021 Lakeyah
0%
No matching quizzes found
Score Distribution
Percent of People with Each Score
Percentile by Number Answered
Your Score History
You have not taken this quiz